000 00864nam a2200253 a 4500
003 CO-ViMGA
005 20230915233128.0
008 140329s2015 ck a gr 0001j spa d
020 _a9789585911529
040 _aCO-ViMGA
_bspa
_cCO-ViMGA
090 _aC CAMQ
100 1 0 _aCampanari, Jos
_923202
245 1 1 _aŁQue mal huele!
_cJos Čampanari & Simona Mulazzani
250 _aEdicinón especial para El Ministerio de Cultura
260 _aBogot
_bOQO Editora
_c2015
300 _a[20] pg̀inas
_bilustraciones
_c17cm.
490 0 _aLeer es mi cuento
490 0 _aNanOQOs
650 1 4 _aCuentos infantiles argentinos
_2LEMB
_ySiglo XXI
_923208
650 1 4 _aLiteratura infantil argentina
_2LEMB
_ySiglo XXI
_923209
650 1 4 _aOrganos de los sentidos
_xLibros ilustrados para niños
_2LEMB
_923203
700 1 0 _aMulazzani, Simona
_923205
942 _2ddc
_cBK
999 _c3975
_d3975